| 000 | 00873nam a22002297a 4500 | ||
|---|---|---|---|
| 999 |
_c17532 _d17532 |
||
| 003 | AR-CdUCM | ||
| 008 | 190508b ||||| |||| 00| 0 spa d | ||
| 040 |
_aMUNICIPALIDAD PROVINCIAL DEL CUSCO _cBIBLIOTECA MUNICIPAL DEL CUSCO |
||
| 041 | _hrus | ||
| 082 |
_a504 / _bJ92 |
||
| 100 |
_aJurguin, Ya. _937586 |
||
| 245 | _aBueno, ¿y que? / | ||
| 260 |
_aMoscu : _bMir, _c1973. |
||
| 300 |
_a45 páginas ; _bgráficos, figuras, _c19 cm. |
||
| 505 | _aContenido: Que piensa usted de las matemáticas? -- Figuras sobre una película -- Números y puntos -- La silla -- Los matemáticos no se parecen entre si -- Conversación con un ingeniero tecnólogo ... | ||
| 650 |
_aMatemáticas _99398 |
||
| 650 |
_aLa memoria _937587 |
||
| 650 |
_aHistoria _9136 |
||
| 700 |
_aGutiérrez Fernández, Julia (traducción) _937588 |
||
| 942 |
_2ddc _cLIBROS |
||
| 945 |
_aachl _d2019-05-08 |
||